000 00646nam a22002657a 4500
001 BR9404866
003 BR-BrBNA
005 20230928094308.0
007 ta
008 230509b bl.||||| |||| 00| 0 por d
040 _aBR-BrBNA
_bpor
_cBiblioteca Nacional de Agricultura
041 _a(Por)
072 _aL01
_b7110
090 _ 7110 BR9404866
100 1 _aWiese, H.(Coord.)
245 1 _aNova apicultura
260 3 _aGuaiba, RS (Brasil):
_bAgropecuaria,
_c1993.
300 _a493 p.
650 _aAbelha
650 _aColmeia
650 _aApiario
650 _aCriacao
909 _a202309
_bLucia
_c55
_dLucia Elande
942 _cBK
999 _c49911
_d49911